Las liturgias del poder. Celebraciones públicas y estrategias persuasivas en Chile colonial (1609-1709).

Wedi'i Gadw mewn:
Manylion Llyfryddiaeth
Prif Awdur: Valenzuela Márquez, Jaime (autor)
Awduron Eraill: Lavallé, Bernard (prólogo)
Fformat: Llyfr
Iaith:Sbaeneg
Cyhoeddwyd: Santiago, Chile: Centro de Investigaciones Diego Barros Arana; Dirección de Bibliotecas, Archivos y Museos (DIBAM); LOM Ediciones 2001.
Rhifyn:Primera edición.
Cyfres:Colección Sociedad y Cultura.
Pynciau:
Tagiau: Ychwanegu Tag
Dim Tagiau, Byddwch y cyntaf i dagio'r cofnod hwn!

MARC

LEADER 00000cam a2200000 a 4500
001 UCL3528
003 CL-VaPUC
005 20240125113209.0
008 031128e20010000cl |||||||||||||||||spa|d
999 |c 306557  |d 306555 
020 |a 956-244-135-0 
040 |c Pontificia Universidad Católica de Valparaíso 
082 0 4 |a 306.2 VAL 2001  |2 21 
100 0 |a Valenzuela Márquez, Jaime  |e autor  |9 480840 
245 1 4 |a Las liturgias del poder.  |b Celebraciones públicas y estrategias persuasivas en Chile colonial (1609-1709). 
250 |a Primera edición.  
260 |a Santiago, Chile:  |b Centro de Investigaciones Diego Barros Arana;  |b Dirección de Bibliotecas, Archivos y Museos (DIBAM);  |b LOM Ediciones   |c 2001. 
300 |a 491 páginas.  
490 0 |a Colección Sociedad y Cultura. 
500 |a c.4 Donación Familia Prof. Alejandro Guzmán Brito.  
583 |a last modification  |c 20170518 10:06:35  |k Rodrigo Vera 
650 0 |a Colonización  |9 265172 
650 7 |a Estructura social   |2 CL-VaPUC  |9 480841 
650 0 |a Antropología cultural y social   |9 265143 
650 0 |a Poder político  |9 255509 
700 |a Lavallé, Bernard  |9 866046  |e prólogo 
942 |c BK  |2 ddc  |n 0 
945 |d 20031128 00:00:00  |a cmena 
952 |0 0  |1 0  |4 0  |6 306_200000000000000_VAL_2001_2001  |7 0  |8 A  |9 371616  |a BIBTEO  |b BIBTEO  |d 2019-11-21  |i 396969K  |o 306.2 VAL 2001 2001  |p 396969K  |r 2025-01-17  |w 2019-11-21  |y BK  |k ICR 
952 |0 0  |1 0  |4 0  |6 306_200000000000000_VAL_2001_2001  |7 0  |8 X  |9 371617  |a FDOBUD  |b FDOBUD  |d 2019-11-21  |i 4578252  |o 306.2 VAL 2001 2001  |p 4578252  |r 2019-11-21  |w 2019-11-21  |y BK_X  |k BUD 
952 |0 0  |1 0  |3 erb  |4 0  |6 306_200000000000000_VAL_2001_2001  |7 0  |8 A  |9 371618  |a BIBHIS  |b BIBHIS  |i 5376386  |l 3  |o 306.2 VAL 2001 2001  |p 5376386  |r 2025-01-20  |s 2024-06-28  |w 2019-11-21  |y BK  |z Catalogado en:20170519  |k HIS 
952 |0 0  |1 0  |2 ddc  |4 0  |6 306_200000000000000_VAL_2001  |7 1  |8 C_AGB  |9 580896  |a BIBDER  |b BIBDER  |d 2022-01-27  |e Donación   |i 564240K  |o 306.2 VAL 2001  |p 564240K  |r 2023-01-25  |t 4  |w 2022-01-27  |y BK_US  |k AGB